Olaszország és Franciaország luxusmárkáinak marketing stratégiái nemzetközi megközelítéssel
| Szerző: | |
|---|---|
| További közreműködők: | |
| Dokumentumtípus: | Diplomadolgozat |
| Kulcsszavak: | divat Franciaország marketing Olaszország vállalati marketing stratégiák |
| Online Access: | http://dolgozattar.uni-bge.hu/60395 |
MARC
| LEADER | 00000nta a2200000 i 4500 | ||
|---|---|---|---|
| 001 | dolg60395 | ||
| 005 | 20260409150528.0 | ||
| 008 | 260409suuuu hu om 000 hun d | ||
| 040 | |a BGE Dolgozattár Repozitórium |b hun | ||
| 041 | |a hu | ||
| 100 | 1 | |a Balli Silvia Francesca | |
| 245 | 1 | 0 | |a Olaszország és Franciaország luxusmárkáinak marketing stratégiái nemzetközi megközelítéssel |c Balli Silvia Francesca |h [elektronikus dokumentum] |
| 520 | 3 | |a Jelen szakdolgozatom célja a luxusmárkák marketing stratégiáinak a vizsgálata, három kutatási kérdés mentén, melyek a luxusmárkák nemzeti eredetének szerepére, a hosszú múltra visszanyúló márkatörténetek jelentőségére, illetve a hagyományos reklámkampányok hiányának megítélésére fókuszálnak. A kutatás kvalitatív módszerrel készült, interjúk mentén kerestem a válaszokat a fent említett kutatási kérdésekre. Az interjúalanyok nemzetközi fogyasztók, akik olyan városokban élnek, ahol a luxusmárkák üzletei fizikailag is megtalálhatóak. | |
| 695 | |a divat | ||
| 695 | |a Franciaország | ||
| 695 | |a marketing | ||
| 695 | |a Olaszország | ||
| 695 | |a vállalati marketing stratégiák | ||
| 700 | 1 | |a Németh Dr. Szilárd |e ths | |
| 856 | 4 | 0 | |u http://dolgozattar.uni-bge.hu/60395/1/Balli_Silvia_E1D525_szakdolgozat.pdf |z Dokumentum-elérés |
| 856 | 4 | 0 | |u http://dolgozattar.uni-bge.hu/60395/2/Balli%20Silvia%20Francesca.pdf |z Dokumentum-elérés |